| 000 | 01976nam0a2200325 4500 | ||
|---|---|---|---|
| 001 | RU\NLR\bibl\484086 | ||
| 005 | 20260407093525.0 | ||
| 021 |
_aRU _b2003-29570п _91155 |
||
| 035 | _a(NLR Aleph) 000476822 | ||
| 090 |
_a1028551 _c1028551 |
||
| 100 | _a20040128d2003 |||y0rusy50 ca | ||
| 101 | 0 | _arus | |
| 102 | _aRU | ||
| 105 | _aa ||||||||| | ||
| 200 | 1 |
_aФедеральная целевая прогрмма "Переход к комплектованию военнослужащими, проходящими военную службу по контракту, ряда соединений и воинских частей" на 2004-2007 годы _eУтв. постановлением Правительства Рос. Федерации от 25 авг. 2003 г. N 523 |
|
| 210 |
_aМ. _cВоенинформ _d2003 |
||
| 215 |
_a68 с. _cил. _d29 |
||
| 225 | 1 |
_aВоенные комиссариаты _eИнформ. бюл. _vN 4(16): Спец. вып. |
|
| 300 | _aОписано по 3-й с. На тит.л. и обл. только загл. сер. | ||
| 601 | 0 | 1 |
_aРоссийская Федерация _bВооруженные силы _xЛичный состав _xПрохождение военной службы по контракту _92095581 _3RU\NLR\AUTH\661267948 |
| 601 | 0 | 1 |
_aРоссийская Федерация _bВооруженные силы _xКомплектование _92267655 _3RU\NLR\AUTH\6601588632 |
| 686 | 1 | _aЦ4,6(2Р)23 | |
| 710 | 0 | 2 |
_a"Переход к комплектованию военнослужащими, проходящими военную службу по контракту, ряда соединений и частей", федеральная целевая программа _c2004-2007; РФ _3RU\NLR\AUTH\8810051184 _9602646 |
| 801 | 0 |
_aRU _bNLR _c20040128 _gPSBO |
|
| 801 | 1 |
_aRU _bNLR _c20040128 |
|
| 852 |
_aNLR _jП11/4399 |
||
| 942 | _cBOOK | ||
| 980 | _aNB | ||